01063 2200361 4500001002100000005001500021035002000036007000300056040001700059100003600076245010200112250001000214300003600224020002200260041000800282082001100290084001700301090002200318264003500340336002100375337003000396338002300426650002000449700003800469850001000507008004100517500002800558504002300586990002300609990002300632990002300655990002300678INLIS00000000000904920260511093103 a0010-1122000008ta aSBPUPADbind0 aTia Marty Al-Zahira;ePengarang1 aKreasi Buket Bunga Istimewa Secara Otodidak /cTia Marty Al-Zahira Editor; Geulis Cahyaning Gusti acet.1 a80 hlm. :bilus ;c17.5 x 24 cm a978-602-7991-84-207aind a745.92 a745.92 TIA k a574.1 HER k L17-3 aJakarta :bDunia Kreasi,c2014 2rdacontentateks 2rdamediaatanpa perantara 2rdacarrieravolume 4aMerangkai Bunga aGeulis Cahyaning GustiePengarang aPUPAD260511 0  aTentang Penulis, hlm 76 aBiblografi, hlm 75 a22.550/B/KAPD/2016 a22.551/B/KAPD/2016 a22.552/B/KAPD/2016 a22.553/B/KAPD/2016